San Andreas / (Record no. 4642)
[ view plain ]
| 000 -LEADER | |
|---|---|
| fixed length control field | 00469pam a2200169 4500 |
| 001 - CONTROL NUMBER | |
| control field | 5516 |
| 005 - DATE AND TIME OF LATEST TRANSACTION | |
| control field | 20181127175701.0 |
| 008 - FIXED-LENGTH DATA ELEMENTS--GENERAL INFORMATION | |
| fixed length control field | 850215t19851984nyu 000 1 eng |
| 010 ## - LIBRARY OF CONGRESS CONTROL NUMBER | |
| LC control number | 85004395 |
| 020 ## - INTERNATIONAL STANDARD BOOK NUMBER | |
| International Standard Book Number | 9780007892211 |
| Terms of availability | |
| 100 1# - MAIN ENTRY--PERSONAL NAME | |
| Personal name | MacLean, Alistair, |
| Dates associated with a name | 1922-1987. |
| 245 10 - TITLE STATEMENT | |
| Title | San Andreas / |
| Statement of responsibility, etc. | Alistair MacLean. |
| 260 ## - PUBLICATION, DISTRIBUTION, ETC. | |
| Place of publication, distribution, etc. | London : |
| Name of publisher, distributor, etc. | Harper, |
| Date of publication, distribution, etc. | 2011. |
| 300 ## - PHYSICAL DESCRIPTION | |
| Extent | 376 p. ; |
| Dimensions | 22 cm. |
| 650 #0 - SUBJECT ADDED ENTRY--TOPICAL TERM | |
| Topical term or geographic name entry element | World War, 1939-1945 |
| General subdivision | Fiction. |
| Withdrawn status | Lost status | Source of classification or shelving scheme | Damaged status | Not for loan | Collection code | Home library | Current library | Shelving location | Date acquired | Serial Enumeration / chronology | Inventory number | Total Checkouts | Full call number | Barcode | Date last seen | Date last checked out | Price effective from | Koha item type |
|---|---|---|---|---|---|---|---|---|---|---|---|---|---|---|---|---|---|---|
| Dewey Decimal Classification | Fiction | RTC Library | RTC Library | Fiction | 24/09/2021 | 8887 | 1 | FIC 813.54 MAC | 30008773 | 12/09/2022 | 23/08/2022 | 27/11/2018 | Fiction |